000
00288nam a2200133Ia 4500
005
20251222155117.0
008
251222s9999||||xx |||||||||||||| ||spa||
082
_a
FIL. 07.7
100
_a
PERMENIDES H,
245
0
_a
Fragmentos
250
_a
1ra. ed.
264
_b
Orbis
942
_c
LIB
999
_c
38277
_d
38277